Ces autoroutes sont-elles payantes ou gratuites ? - Statistiques

Statistiques générales
  • Ce quiz a été pris 171 fois
  • Le résultat moyen est 23 sur 30
Statistiques - réponses
Question Réponse % Correct
A6 (Paris - Lyon) Payante
100%
A1 (Paris - Lille) Payante
97%
A4 (Paris - Strasbourg) Payante
97%
A7 (Lyon - Marseille) Payante
94%
A10 (Paris - Bordeaux) Payante
94%
A11 (Paris - Nantes) Payante
91%
A28 (Rouen - Tours) Payante
88%
A9 (Orange - frontière espagnole) Payante
85%
A26 (Calais - Troyes) Payante
85%
A29 (Le Havre - Saint-Quentin) Payante
85%
A20 (Vierzon - Brive-la-Gaillarde) Gratuite
79%
A35 (traversée de l'Alsace) Gratuite
79%
A8 (Aix-en-Provence - frontière italienne) Payante
79%
A31 (Beaune - Toul) Payante
79%
A75 (Clermont-Ferrand - Béziers) (hors Viaduc de Millau) Gratuite
76%
A40 (Mâcon - Chamonix-Mont-Blanc) Payante
76%
A41 (Grenoble - frontière suisse) Payante
76%
A43 (Lyon - tunnel du Fréjus) Payante
76%
A62 (Bordeaux - Toulouse) Payante
76%
A89 (Bordeaux - Lyon) Payante
76%
A31 (Toul - frontière luxembourgeoise) Gratuite
74%
A61 (Toulouse - Narbonne) Payante
74%
A84 (Rennes - Caen) Gratuite
71%
A39 (Dijon - Bourg-en-Bresse) Payante
71%
A20 (Brive-la-Gaillarde - Montauban) Payante
65%
A28 (Abbeville - Rouen) Gratuite
62%
A71 (Orléans - Clermont-Ferrand) Payante
62%
A34 (Sedan - Reims) Gratuite
59%
A83 (Nantes - Niort) Payante
59%
A51 sud (Marseille - Gap) Payante
56%
Aucun quiz correspondant
Distribution des résultats
% des personnes avec chaque résultat
Percentile par nombre de réponses
Votre historique - résultats
Vous n’avez pas pris ce quiz